ホーム上を快速が通過する都区内の駅 - Statistics

General Stats
  • This quiz has been taken 314 times
  • The average score is 20 of 37
Answer Stats
答え 備考 % Correct
御徒町 平日のみ通過
89%
新橋
88%
西荻窪 土休日のみ通過
86%
有楽町
86%
鶯谷
86%
日暮里
86%
西日暮里
86%
高円寺 土休日のみ通過
85%
阿佐ケ谷 土休日のみ通過
82%
越中島
61%
潮見
61%
浮間舟渡
56%
北赤羽
55%
西葛西
54%
西大井
52%
南砂町
51%
新三河島
48%
お花茶屋
48%
椎名町
47%
町屋
47%
京成関屋
47%
堀切菖蒲園
47%
東長崎
46%
江古田
44%
桜台
44%
代田橋
43%
江戸川
42%
京成曳舟
42%
四ツ木
41%
尾久
40%
八広
40%
京成立石
39%
芦花公園
39%
上北沢
36%
大泉学園
35%
六町
23%
青井
22%
No matching quizzes found
Score Distribution
Percent of People with Each Score
Percentile by Number Answered
Your Score History
You have not taken this quiz